University calculus / (Record no. 3463)

000 -LEADER
fixed length control field 01040cam a2200313 a 4500
001 - CONTROL NUMBER
control field 14501773
003 - CONTROL NUMBER IDENTIFIER
control field OSt
005 - DATE AND TIME OF LATEST TRANSACTION
control field 20161010151917.0
008 - FIXED-LENGTH DATA ELEMENTS--GENERAL INFORMATION
fixed length control field 060816s2008 mauab 001 0 eng
010 ## - LIBRARY OF CONGRESS CONTROL NUMBER
LC control number 2006049616
020 ## - INTERNATIONAL STANDARD BOOK NUMBER
International Standard Book Number 9780321471963
020 ## - INTERNATIONAL STANDARD BOOK NUMBER
International Standard Book Number 0321471962
040 ## - CATALOGING SOURCE
Original cataloging agency DLC
Transcribing agency DLC
Modifying agency DLC
050 00 - LIBRARY OF CONGRESS CALL NUMBER
Classification number QA304.H37 2008
082 00 - DEWEY DECIMAL CLASSIFICATION NUMBER
Classification number 515
Edition number 22
100 1# - MAIN ENTRY--PERSONAL NAME
Personal name Hass, Joel.
245 10 - TITLE STATEMENT
Title University calculus /
Statement of responsibility, etc Joel Hass, Maurice D. Weir, George B. Thomas, Jr.
250 ## - EDITION STATEMENT
Edition statement Alternate ed.
260 ## - PUBLICATION, DISTRIBUTION, ETC. (IMPRINT)
Place of publication, distribution, etc Boston :
Name of publisher, distributor, etc Pearson Addison-Wesley,
Date of publication, distribution, etc c2008.
300 ## - PHYSICAL DESCRIPTION
Extent xiv. (various pagings) :
Other physical details ill. (some col.), col. map ;
Dimensions 26 cm.
500 ## - GENERAL NOTE
General note Includes index.
650 #0 - SUBJECT ADDED ENTRY--TOPICAL TERM
Topical term or geographic name as entry element Differential calculus
Form subdivision Textbooks.
650 #0 - SUBJECT ADDED ENTRY--TOPICAL TERM
Topical term or geographic name as entry element Calculus
Form subdivision Textbooks.
700 1# - ADDED ENTRY--PERSONAL NAME
Personal name Weir, Maurice D.
700 1# - ADDED ENTRY--PERSONAL NAME
Personal name Thomas, George B.,
Titles and other words associated with a name Jr.
Fuller form of name (George Brinton),
Dates associated with a name 1914-2006.
906 ## - LOCAL DATA ELEMENT F, LDF (RLIN)
a 7
b cbc
c orignew
d 1
e ocip
f 20
g y-gencatlg
942 ## - ADDED ENTRY ELEMENTS (KOHA)
Source of classification or shelving scheme
Koha item type Book
Holdings
Withdrawn status Lost status Source of classification or shelving scheme Damaged status Not for loan Home library Current library Shelving location Date acquired Total Checkouts Full call number Barcode Date last seen Date checked out Copy number Price effective from Koha item type
          Riara University Library Riara University Library General stack 10/10/2016 1 QA304.H37 2008 8609/16 14/11/2023 31/10/2023 C.1 10/10/2016 Book

Riara University Library,
P.O. Box 49940-00100,
Nairobi, Kenya.